Loading...
| History - Other | 0 | 8 | 0 | 1 | 80 | 35 | 62.13 | 2 | 5 | 0.00 | 0.00 |
| Fine Arts - Classical Music | 0 | 7 | 1 | 0 | 65 | 42 | 70.43 | 3 | 7 | 0.00 | 0.00 |
| Fine Arts - Painting and Sculpture | 0 | 7 | 2 | 0 | 60 | 25 | 61.57 | 4 | 6 | 0.00 | 0.00 |
| History - American | 0 | 6 | 1 | 1 | 55 | 29 | 55.50 | 2 | 4 | 0.00 | 0.00 |
| Mythology | 0 | 6 | 1 | 1 | 55 | 43 | 60.83 | 2 | 4 | 0.00 | 0.00 |
| History - European | 0 | 5 | 1 | 1 | 45 | 21 | 52.20 | 1 | 4 | 0.00 | 0.00 |
| Philosophy | 0 | 4 | 0 | 0 | 40 | 36 | 68.25 | 0 | 1 | 0.00 | 0.00 |
| Literature - European | 0 | 4 | 0 | 0 | 40 | 46 | 89.75 | 1 | 1 | 0.00 | 0.00 |
| Literature - World | 0 | 4 | 0 | 0 | 40 | 49 | 79.25 | 0 | 3 | 0.00 | 0.00 |
| Literature - British | 0 | 3 | 0 | 0 | 30 | 22 | 69.33 | 1 | 1 | 0.00 | 0.00 |
| Fine Arts - Other | 0 | 4 | 2 | 0 | 30 | 54 | 89.50 | 0 | 2 | 0.00 | 0.00 |
| Science - Physics | 0 | 2 | 0 | 1 | 20 | 28 | 68.00 | 0 | 1 | 0.00 | 0.00 |
| Religion | 0 | 2 | 0 | 1 | 20 | 54 | 86.50 | 0 | 1 | 0.00 | 0.00 |
| Social Science | 0 | 3 | 3 | 0 | 15 | 53 | 55.67 | 0 | 1 | 0.00 | 0.00 |
| Science - Biology | 0 | 2 | 3 | 0 | 5 | 59 | 68.00 | 0 | 0 | 0.00 | 0.00 |
| Popular Culture | 0 | 1 | 1 | 0 | 5 | 56 | 56.00 | 0 | 1 | 0.00 | 0.00 |
| History - World | 0 | 1 | 1 | 0 | 5 | 28 | 28.00 | 0 | 1 | 0.00 | 0.00 |
| Current Events | 0 | 1 | 1 | 0 | 5 | 71 | 71.00 | 0 | 0 | 0.00 | 0.00 |
| Science - Other | 0 | 1 | 1 | 0 | 5 | 82 | 82.00 | 0 | 0 | 0.00 | 0.00 |
| Geography | 0 | 1 | 1 | 0 | 5 | 80 | 80.00 | 0 | 0 | 0.00 | 0.00 |
| Literature - American | 0 | 1 | 3 | 0 | -5 | 86 | 86.00 | 0 | 0 | 0.00 | 0.00 |